[Event "Parana-ch (Women)"]
[Site "Curitiba"]
[Date "2018.11.24"]
[Round "3"]
[White "Dos Anjos, Diovana Ferreira"]
[Black "De Carvalho, Thais Ferreira Mont"]
[Result "0-1"]
[WhiteElo "1668"]
[BlackElo "1618"]
[PlyCount "60"]
[EventDate "2018.11.23"]
[EventType "swiss"]
[EventRounds "6"]
[EventCountry "BRA"]
[SourceTitle "EXT 2020"]
[Source "ChessBase"]
[SourceDate "2019.10.17"]
[SourceVersion "1"]
[SourceVersionDate "2019.10.17"]
[SourceQuality "1"]

1. e4 e6 2. d4 d5 3. Nc3 dxe4 4. Nxe4 Nd7 5. Bd3 Ngf6 6. Qe2 Be7 7. f4 0-0 8. Nf3 c5 9. c3 Qc7 10. 0-0 b6 11. Neg5 Bd6 12. Nxh7 Nxh7 13. Bxh7+ Kxh7 14. Ng5+ Kg8 15. Qh5 Nf6 16. Qh4 Bb7 17. f5 e5 18. dxe5 Bxe5 19. Bf4 Rfe8 20. Nh3 Rad8 21. Rf2 Qd7 22. Raf1 Qe7 23. Ng5 Qc7 24. Bc1 Ba6 25. c4 Bd4 26. Nh3 Bxc4 27. Kh1 Bxf2 28. Qxc4 Bd4 29. Bf4 Qe7 30. Ng5 Ng4 0-1

[Event "BRA-ch U16 Girls"]
[Site "Itajai"]
[Date "2017.06.04"]
[Round "6"]
[White "De Carvalho, Thais Ferreira Mont"]
[Black "Salvadego, Erika Giovana De O"]
[Result "1/2-1/2"]
[WhiteElo "1612"]
[BlackElo "1170"]
[PlyCount "30"]
[EventDate "2017.06.01"]
[EventType "swiss"]
[EventRounds "6"]
[EventCountry "BRA"]
[SourceTitle "CBM 179 Extra"]
[Source "ChessBase"]
[SourceDate "2017.08.23"]
[SourceVersion "1"]
[SourceVersionDate "2017.08.23"]
[SourceQuality "1"]

1. c4 Nf6 2. Nf3 g6 3. g3 Bg7 4. Bg2 0-0 5. 0-0 d6 6. Nc3 Nbd7 7. d4 e5 8. dxe5 dxe5 9. b3 Re8 10. Bb2 a6 11. Qc2 Rb8 12. Rfd1 Qe7 13. Rac1 e4 14. Ne1 Nb6 15. e3 Bf5 1/2-1/2

[Event "BRA-ch U16 Girls"]
[Site "Itajai"]
[Date "2017.06.03"]
[Round "4"]
[White "De Carvalho, Thais Ferreira Mont"]
[Black "Martins, Lara"]
[Result "1-0"]
[WhiteElo "1612"]
[BlackElo "1314"]
[PlyCount "59"]
[EventDate "2017.06.01"]
[EventType "swiss"]
[EventRounds "6"]
[EventCountry "BRA"]
[SourceTitle "CBM 179 Extra"]
[Source "ChessBase"]
[SourceDate "2017.08.23"]
[SourceVersion "1"]
[SourceVersionDate "2017.08.23"]
[SourceQuality "1"]

1. c4 c6 2. Nf3 d5 3. d4 Nf6 4. e3 Bg4 5. Be2 e6 6. 0-0 Be7 7. Nc3 0-0 8. h3 Bh5 9. b3 c5 10. dxc5 Bxc5 11. cxd5 exd5 12. Bb2 Nc6 13. Rc1 a6 14. Nxd5 Bd6 15. Nxf6+ Kh8 16. Nxh5 Qe7 17. Bxg7+ Kg8 18. Bxf8 Qxf8 19. Qc2 Qh6 20. Nh4 Ne7 21. Nf5 Qe6 22. Nxe7+ Bxe7 23. Qc3 Bf8 24. Qf6 Qxf6 25. Nxf6+ Kg7 26. Nh5+ Kh6 27. Rc7 b5 28. Rxf7 Rc8 29. h4 Ba3 30. Rf6# 1-0

[Event "BRA-ch U16 Girls"]
[Site "Itajai"]
[Date "2017.06.03"]
[Round "5"]
[White "Ferreira, Ana Luiza Cassoni B"]
[Black "De Carvalho, Thais Ferreira Mont"]
[Result "0-1"]
[WhiteElo "1363"]
[BlackElo "1612"]
[PlyCount "63"]
[EventDate "2017.06.01"]
[EventType "swiss"]
[EventRounds "6"]
[EventCountry "BRA"]
[SourceTitle "CBM 179 Extra"]
[Source "ChessBase"]
[SourceDate "2017.08.23"]
[SourceVersion "1"]
[SourceVersionDate "2017.08.23"]
[SourceQuality "1"]

1. e4 e5 2. Nf3 Nc6 3. Bb5 a6 4. Ba4 Bc5 5. c3 Nf6 6. 0-0 0-0 7. d3 b5 8. Bc2 d5 9. exd5 Nxd5 10. Nxe5 Nxe5 11. d4 Bxd4 12. Qxd4 Re8 13. Bf4 Nxf4 14. Qxf4 Bb7 15. Rd1 Qe7 16. Nd2 c5 17. Nf1 Rad8 18. Rxd8 Rxd8 19. Rd1 Rxd1 20. Bxd1 Qd6 21. Bc2 Nf3+ 22. Qxf3 Bxf3 23. gxf3 Qf4 24. Be4 Qg5+ 25. Kh1 Qc1 26. Kg2 Qxb2 27. Bd5 Qxc3 28. Ne3 c4 29. Bb7 Qa3 30. Nc2 Qb2 31. Ne3 Qxa2 32. Be4 0-1

[Event "BRA-ch U16 Girls"]
[Site "Itajai"]
[Date "2017.06.02"]
[Round "3"]
[White "Viana, Leticia Gama"]
[Black "De Carvalho, Thais Ferreira Mont"]
[Result "1-0"]
[WhiteElo "1796"]
[BlackElo "1612"]
[PlyCount "101"]
[EventDate "2017.06.01"]
[EventType "swiss"]
[EventRounds "6"]
[EventCountry "BRA"]
[SourceTitle "CBM 179 Extra"]
[Source "ChessBase"]
[SourceDate "2017.08.23"]
[SourceVersion "1"]
[SourceVersionDate "2017.08.23"]
[SourceQuality "1"]

1. e4 e5 2. Nf3 Nc6 3. Bc4 Bc5 4. Nc3 Nf6 5. 0-0 0-0 6. d3 h6 7. Nd5 d6 8. Bd2 Bg4 9. c3 a6 10. b4 Ba7 11. Be3 Re8 12. h3 Bh5 13. g4 Bg6 14. Nxf6+ Qxf6 15. g5 Qd8 16. gxh6 Bxe3 17. fxe3 gxh6 18. Rf2 Kh7 19. Qd2 Rg8 20. Rg2 Bh5 21. Rf1 Qe7 22. Qf2 Rxg2+ 23. Kxg2 Rg8+ 24. Kh2 Qf6 25. Nh4 Qxf2+ 26. Rxf2 Nd8 27. Rf6 Rg5 28. d4 Kg7 29. Rf2 Kh7 30. Nf3 Bxf3 31. Rxf3 Kg7 32. h4 Rg4 33. Kh3 Rg1 34. Bd3 Ne6 35. a4 Rc1 36. d5 Nf8 37. c4 Rc3 38. Be2 Nd7 39. Rg3+ Kh7 40. Bh5 f6 41. Bg6+ Kh8 42. Bf7 Kh7 43. Bg8+ Kh8 44. Be6 Nb6 45. Rg6 Rxe3+ 46. Kg4 Rxe4+ 47. Kh5 Rxc4 48. Rxf6 Kg7 49. Rf7+ Kh8 50. Kg6 Rf4 51. Rh7# 1-0

[Event "BRA-ch U14 Girls"]
[Site "Brasilia"]
[Date "2017.04.23"]
[Round "6"]
[White "Primo E Silva, Beatriz"]
[Black "De Carvalho, Thais Ferreira Mont"]
[Result "1-0"]
[WhiteElo "1422"]
[BlackElo "1606"]
[PlyCount "108"]
[EventDate "2017.04.21"]
[EventType "swiss"]
[EventRounds "6"]
[EventCountry "BRA"]
[SourceTitle "CBM 177 Extra"]
[Source "ChessBase"]
[SourceDate "2017.04.27"]
[SourceVersion "1"]
[SourceVersionDate "2017.04.27"]
[SourceQuality "1"]

1. d4 f5 2. c4 e6 3. g3 Nf6 4. Bg2 d5 5. Nh3 Be7 6. 0-0 0-0 7. Nd2 Re8 8. Nf4 c6 9. Nf3 Bd6 10. Qc2 Na6 11. a3 Bd7 12. c5 Bf8 13. Ne5 Nc7 14. Rd1 Nb5 15. e3 Rc8 16. b4 Qe7 17. Bb2 Kh8 18. Nfg6+ hxg6 19. Nxg6+ Kg8 20. Nxe7+ Bxe7 21. f3 Kf7 22. Kf2 Rh8 23. h3 g5 24. g4 Rcf8 25. Rh1 Kg7 26. Ke2 Rf7 27. Rag1 Rhf8 28. Rf1 Nc7 29. Qc1 Bc8 30. Qe1 b6 31. Qg3 Ba6+ 32. Ke1 Bxf1 33. Bxf1 Nce8 34. gxf5 Nh7 35. f4 exf5 36. fxg5 f4 37. exf4 Rxf4 38. Be2 Re4 39. Rf1 Bxg5 40. Bc1 Rxf1+ 41. Kxf1 Kf6 42. Qf2+ Ke6 43. Bg4+ Ke7 44. Bxg5+ Nxg5 45. Qf5 Ne6 46. Qh7+ N6g7 47. Qh4+ Nf6 48. Qg3 Nge8 49. Bf5 Nh5 50. Qg5+ Nef6 51. Bxe4 dxe4 52. Qe5+ Kf7 53. Qc7+ Kg6 54. Qxc6 e3 1-0

[Event "Parana-ch (Women)"]
[Site "Pirai do Sul"]
[Date "2017.01.29"]
[Round "4"]
[White "Pereira, Livia de Morais"]
[Black "De Carvalho, Thais Ferreira Mont"]
[Result "0-1"]
[WhiteElo "1766"]
[BlackElo "1531"]
[PlyCount "60"]
[EventDate "2017.01.28"]
[EventType "swiss"]
[EventRounds "6"]
[EventCountry "BRA"]
[SourceTitle "CBM 176 Extra"]
[Source "ChessBase"]
[SourceDate "2017.03.02"]
[SourceVersion "1"]
[SourceVersionDate "2017.03.02"]
[SourceQuality "1"]

1. d4 f5 2. Nf3 Nf6 3. Nc3 e6 4. Bg5 Be7 5. e3 d5 6. Be2 Nbd7 7. 0-0 0-0 8. Bd3 Ne4 9. Bf4 c6 10. a4 Ndf6 11. Be5 Bd7 12. Nd2 Nxd2 13. Qxd2 Ne4 14. Qe2 Bf6 15. Bxf6 Rxf6 16. Bxe4 fxe4 17. f4 Qe7 18. Rf2 Raf8 19. Raf1 Be8 20. Qg4 Bg6 21. Qh4 Bf5 22. a5 Qe8 23. b4 Rh6 24. Qg5 Rff6 25. g4 Rfg6 26. Qxh6 Rxg4+ 27. Rg2 Rxg2+ 28. Kxg2 gxh6 29. Rg1 Qh5 30. b5 Qf3# 0-1

[Event "Florianopolis op 3rd"]
[Site "Florianopolis"]
[Date "2017.01.24"]
[Round "7"]
[White "Carvalho Neto, Joao Francisco"]
[Black "De Carvalho, Thais Ferreira Mont"]
[Result "0-1"]
[WhiteElo "1790"]
[BlackElo "1531"]
[PlyCount "100"]
[EventDate "2017.01.20"]
[EventType "swiss"]
[EventRounds "10"]
[EventCountry "BRA"]
[SourceTitle "CBM 176 Extra"]
[Source "ChessBase"]
[SourceDate "2017.03.02"]
[SourceVersion "1"]
[SourceVersionDate "2017.03.02"]
[SourceQuality "1"]

1. d4 e6 2. c4 f5 3. Nc3 Nf6 4. Nf3 d5 5. e3 Be7 6. Bd3 c6 7. 0-0 0-0 8. b3 Ne4 9. Bb2 Nd7 10. Nd2 Ndf6 11. f3 Nxd2 12. Qxd2 b6 13. Rae1 Bb7 14. Qc1 Rc8 15. Ba3 c5 16. dxc5 Bxc5 17. Bxc5 Rxc5 18. Qb2 Qc8 19. Rc1 Rd8 20. Ne2 Ba6 21. b4 Rc7 22. b5 Bb7 23. cxd5 Nxd5 24. Rxc7 Qxc7 25. Rc1 Qd7 26. e4 Nf6 27. Bc4 fxe4 28. fxe4 Bxe4 29. Nf4 Bd5 30. Rd1 Qe7 31. Nxd5 Nxd5 32. Bxd5 Rxd5 33. Rxd5 exd5 34. Kf2 Kf7 35. Qb3 Qc5+ 36. Kg3 Qc7+ 37. Kf3 Qc5 38. Kg3 Ke6 39. Kf3 Ke5 40. Qb2+ Qd4 41. Qe2+ Qe4+ 42. Qxe4+ dxe4+ 43. Ke3 Kd5 44. g4 g5 45. a3 h6 46. h3 Ke5 47. a4 Kd5 48. Ke2 Kd4 49. Kd2 e3+ 50. Ke2 Ke4 0-1

[Event "Florianopolis op 3rd"]
[Site "Florianopolis"]
[Date "2017.01.23"]
[Round "6"]
[White "De Carvalho, Thais Ferreira Mont"]
[Black "De Borba, Gabriel"]
[Result "0-1"]
[WhiteElo "1531"]
[BlackElo "1861"]
[PlyCount "60"]
[EventDate "2017.01.20"]
[EventType "swiss"]
[EventRounds "10"]
[EventCountry "BRA"]
[SourceTitle "CBM 176 Extra"]
[Source "ChessBase"]
[SourceDate "2017.03.02"]
[SourceVersion "1"]
[SourceVersionDate "2017.03.02"]
[SourceQuality "1"]

1. c4 c5 2. Nf3 Nc6 3. d4 cxd4 4. Nxd4 g6 5. Nc3 Bg7 6. e3 Nf6 7. Be2 d6 8. 0-0 0-0 9. a3 Bd7 10. b4 Rc8 11. Bb2 a6 12. Rc1 Ne8 13. Qd2 Nc7 14. Nd5 Ne6 15. Rfd1 h6 16. h3 Kh7 17. Bf3 Ne5 18. Be2 f5 19. Kh1 Ng5 20. Qe1 e6 21. Nf4 Qe7 22. Bd3 Nxd3 23. Nxd3 e5 24. Ne2 Bc6 25. Kg1 Rfe8 26. Nc3 Nxh3+ 27. Kf1 Ng5 28. Rc2 Nf3 29. gxf3 Bxf3 30. Ne2 Qh4 0-1

[Event "Caioba Telecom op"]
[Site "Caioba"]
[Date "2016.08.28"]
[Round "6"]
[White "Bidigaray, Marcio"]
[Black "De Carvalho, Thais Ferreira Mont"]
[Result "0-1"]
[WhiteElo "1653"]
[BlackElo "1490"]
[PlyCount "104"]
[EventDate "2016.08.26"]
[EventType "swiss"]
[EventRounds "6"]
[EventCountry "BRA"]
[SourceTitle "CBM 174 Extra"]
[Source "ChessBase"]
[SourceDate "2016.10.10"]
[SourceVersion "1"]
[SourceVersionDate "2016.10.10"]
[SourceQuality "1"]

1. e4 e6 2. d4 d5 3. exd5 exd5 4. Nf3 Nf6 5. Nc3 c6 6. Bd3 Be7 7. 0-0 0-0 8. Ne5 Nbd7 9. f4 Re8 10. Qf3 Qb6 11. Ne2 c5 12. c3 c4 13. Bc2 Bd6 14. Kh1 Qc7 15. Ng3 g6 16. h4 b6 17. h5 Bb7 18. hxg6 hxg6 19. Bxg6 fxg6 20. Nxg6 Kg7 21. Nf5+ Kxg6 22. Qg3+ Kxf5 23. Qg5+ Ke6 24. f5+ Ke7 25. Re1+ Kd8 26. Rxe8+ Kxe8 27. Qg6+ Kd8 28. Bg5 Be7 29. Re1 Qd6 30. Re6 Qb8 31. Bxf6 Nxf6 32. Rxe7 Kxe7 33. Qg7+ Ke8 34. Qxf6 Qc7 35. Qg6+ Qf7 36. Qg5 Kd7 37. g4 Rg8 38. Qe3 Qh7+ 39. Kg2 Rxg4+ 40. Kf3 Qxf5+ 41. Ke2 Re4 42. b3 Rxe3+ 43. Kxe3 Qd3+ 44. Kf4 Qxc3 45. bxc4 Qxd4+ 46. Kf5 Qe4+ 47. Kf6 dxc4 48. a4 Qf4+ 49. Kg6 Be4+ 50. Kg7 Ke7 51. a5 Qg4+ 52. Kh6 Qg6# 0-1

[Event "Caioba Telecom op"]
[Site "Caioba"]
[Date "2016.08.26"]
[Round "2"]
[White "De Carvalho, Thais Ferreira Mont"]
[Black "Dos Santos, Tiago Augusto"]
[Result "0-1"]
[WhiteElo "1490"]
[BlackElo "2014"]
[PlyCount "56"]
[EventDate "2016.08.26"]
[EventType "swiss"]
[EventRounds "6"]
[EventCountry "BRA"]
[SourceTitle "CBM 174 Extra"]
[Source "ChessBase"]
[SourceDate "2016.10.10"]
[SourceVersion "1"]
[SourceVersionDate "2016.10.10"]
[SourceQuality "1"]

1. c4 c5 2. Nf3 Nc6 3. d4 cxd4 4. Nxd4 Nf6 5. Nc3 e6 6. g3 a6 7. Bg2 Bb4 8. Qd3 Ne5 9. Qc2 Nxc4 10. 0-0 Qb6 11. Rd1 d5 12. e4 Bxc3 13. Qxc3 0-0 14. exd5 exd5 15. b3 Nd6 16. Be3 Nde4 17. Qb2 Qb4 18. Rac1 Ng4 19. Nc2 Qc3 20. Qxc3 Nxc3 21. Bc5 Re8 22. Re1 Ne2+ 23. Kh1 Bf5 24. Rcd1 Bxc2 25. Rd2 Nxg3+ 26. fxg3 Rxe1+ 27. Bg1 Be4 28. Bxe4 dxe4 0-1

[Event "BRA-ch U16 Girls"]
[Site "Itajai"]
[Date "2016.06.11"]
[Round "5"]
[White "De Carvalho, Thais Ferreira Mont"]
[Black "Kikuchi Cadilhac, Mariana Sawae"]
[Result "0-1"]
[WhiteElo "1413"]
[BlackElo "1474"]
[PlyCount "108"]
[EventDate "2016.06.09"]
[EventType "swiss"]
[EventRounds "6"]
[EventCountry "BRA"]
[SourceTitle "CBM 172 Extra"]
[Source "ChessBase"]
[SourceDate "2016.06.21"]
[SourceVersion "1"]
[SourceVersionDate "2016.06.21"]
[SourceQuality "1"]

1. c4 f5 2. d4 Nf6 3. Nf3 e6 4. Nc3 c6 5. d5 cxd5 6. cxd5 Bb4 7. dxe6 dxe6 8. Qxd8+ Kxd8 9. Bd2 Nc6 10. e3 Bd7 11. Bc4 Ke7 12. 0-0 Rac8 13. a3 Bd6 14. Rac1 Ne5 15. Nxe5 Bxe5 16. Bd3 Rhd8 17. Rfd1 Bxc3 18. Bxc3 Ba4 19. Bb4+ Kf7 20. Rxc8 Rxc8 21. Re1 Nd5 22. Bd2 Rd8 23. Bb1 g6 24. h3 b6 25. e4 Nf6 26. Bg5 Re8 27. exf5 exf5 28. Ba2+ Kg7 29. Bxf6+ Kxf6 30. Rxe8 Bxe8 31. Kf1 Bf7 32. Bb1 Ke5 33. g3 Bd5 34. Ke2 Be4 35. Bxe4 Kxe4 36. f3+ Kd4 37. Kd2 g5 38. a4 a5 39. b3 h5 40. g4 hxg4 41. hxg4 f4 42. Kc2 Ke3 43. Kc3 Kxf3 44. Kc4 Kxg4 45. Kb5 f3 46. Kxb6 f2 47. Kxa5 f1Q 48. b4 Qf5+ 49. b5 Kf4 50. Ka6 Qe6+ 51. Ka7 Qa2 52. b6 Qxa4+ 53. Kb7 Qb5 54. Kc7 Qxb6+ 0-1

[Event "BRA-ch U16 Girls"]
[Site "Itajai"]
[Date "2016.06.10"]
[Round "2"]
[White "De Carvalho, Thais Ferreira Mont"]
[Black "Sirahata Hasegava, Flavia"]
[Result "1-0"]
[WhiteElo "1413"]
[BlackElo "1544"]
[PlyCount "121"]
[EventDate "2016.06.09"]
[EventType "swiss"]
[EventRounds "6"]
[EventCountry "BRA"]
[SourceTitle "CBM 172 Extra"]
[Source "ChessBase"]
[SourceDate "2016.06.21"]
[SourceVersion "1"]
[SourceVersionDate "2016.06.21"]
[SourceQuality "1"]

1. c4 Nf6 2. Nf3 g6 3. g3 Bg7 4. Bg2 0-0 5. 0-0 d6 6. d4 c5 7. Nc3 Nc6 8. dxc5 dxc5 9. Bf4 Bf5 10. Qb3 Nb4 11. Rfd1 Qc8 12. Rd2 Rd8 13. Rad1 Rxd2 14. Rxd2 Ne4 15. Nxe4 Bxe4 16. a3 Nc6 17. Qb5 Nd4 18. Nxd4 Bxg2 19. Kxg2 cxd4 20. Be5 Bxe5 21. Qxe5 Qc6+ 22. Qd5 Qxd5+ 23. cxd5 Rc8 24. Rxd4 Kg7 25. e4 Kf6 26. Kf3 Ke5 27. Ke3 f6 28. f4+ Kd6 29. Kd3 Rc7 30. Rc4 b5 31. Rxc7 Kxc7 32. Kc3 Kb6 33. Kd4 a5 34. b3 h6 35. h3 f5 36. exf5 gxf5 37. Ke5 Kc5 38. Ke6 b4 39. axb4+ axb4 40. Ke5 h5 41. h4 Kb6 42. d6 exd6+ 43. Kxd6 Kb5 44. Kd5 Kb6 45. Kc4 Kc6 46. Kxb4 Kd5 47. Ka5 Ke4 48. b4 Kf3 49. b5 Kxg3 50. b6 Kxh4 51. b7 Kg3 52. b8Q h4 53. Qh8 h3 54. Qg7+ Kxf4 55. Qh6+ Kg3 56. Qg5+ Kf3 57. Qxf5+ Kg3 58. Qg5+ Kf3 59. Qh4 Kg2 60. Qg4+ Kh2 61. Kb4 1-0

[Event "Paranaense-ch (Women) 2015"]
[Site "Curitiba"]
[Date "2016.01.25"]
[Round "6.5"]
[White "De Carvalho, Thais Ferreira Mont"]
[Black "Duarte, Carolina Tavares"]
[Result "0-1"]
[WhiteElo "1348"]
[BlackElo "1856"]
[PlyCount "138"]
[EventDate "2016.01.23"]
[EventType "swiss"]
[EventRounds "6"]
[EventCountry "BRA"]
[SourceTitle "EXT 2022"]
[Source "ChessBase"]
[SourceDate "2021.10.06"]
[SourceVersion "1"]
[SourceVersionDate "2021.10.06"]
[SourceQuality "1"]

1. Nf3 Nf6 2. g3 d6 3. Bg2 e5 4. 0-0 Be7 5. d3 0-0 6. c4 c6 7. Nc3 Be6 8. b3 Qc8 9. Bb2 Bh3 10. Nd2 Bxg2 11. Kxg2 Nbd7 12. Rc1 Qc7 13. Nde4 Rad8 14. Qc2 Nxe4 15. Nxe4 f5 16. Nd2 Rf6 17. Nf3 Rg6 18. Nd2 Rf8 19. d4 exd4 20. Bxd4 c5 21. Bb2 Bf6 22. Bxf6 Rfxf6 23. Nf3 Qc6 24. Qd2 Ne5 25. Qd5+ Qxd5 26. cxd5 Nxf3 27. Kxf3 b5 28. Rfd1 Rg4 29. h3 Rb4 30. Kg2 h5 31. h4 f4 32. Rc2 Rf5 33. Rd3 g5 34. a3 Re4 35. f3 Ree5 36. g4 hxg4 37. fxg4 Rf7 38. h5 Rfe7 39. Kf2 Re3 40. Rcc3 Rxe2+ 41. Kf1 Ra2 42. b4 c4 43. Rd1 Re3 44. Rdc1 Rxa3 45. Rxe3 Rxe3 46. Ra1 Rg3 47. Rxa7 Rxg4 48. Rd7 Rh4 49. Rxd6 Rxh5 50. Rb6 c3 51. Ke2 Rh2+ 52. Kd1 c2+ 53. Kc1 f3 54. Rg6+ Kh7 55. Rxg5 f2 56. Rf5 Rh1+ 57. Kxc2 f1Q 58. Rxf1 Rxf1 59. Kc3 Rc1+ 60. Kb3 Rd1 61. Kc3 Rxd5 62. Kc2 Kg6 63. Kc3 Kf5 64. Kc2 Ke4 65. Kc3 Rd4 66. Kb3 Kd3 67. Ka3 Kc2 68. Ka2 Rxb4 69. Ka3 Ra4# 0-1

[Event "Paranaense-ch (Women) 2015"]
[Site "Curitiba"]
[Date "2016.01.25"]
[Round "5.6"]
[White "Silva, Rafaele Ferreira Da"]
[Black "De Carvalho, Thais Ferreira Mont"]
[Result "1/2-1/2"]
[WhiteElo "1775"]
[BlackElo "1348"]
[PlyCount "81"]
[EventDate "2016.01.23"]
[EventType "swiss"]
[EventRounds "6"]
[EventCountry "BRA"]
[SourceTitle "EXT 2022"]
[Source "ChessBase"]
[SourceDate "2021.10.06"]
[SourceVersion "1"]
[SourceVersionDate "2021.10.06"]
[SourceQuality "1"]

1. e4 e6 2. d4 d5 3. e5 c5 4. c3 Nc6 5. Nf3 Qb6 6. Be2 cxd4 7. cxd4 Nge7 8. b3 Nf5 9. Bb2 Be7 10. 0-0 Bd7 11. Qd2 Rc8 12. Rd1 0-0 13. Nc3 Na5 14. Qe1 Nc6 15. Na4 Qa5 16. Qxa5 Nxa5 17. Nc3 Rc7 18. Bb5 Bxb5 19. Nxb5 Rc2 20. Rab1 Rcc8 21. Nxa7 Ra8 22. Nb5 Nc6 23. a4 Na5 24. Bc3 b6 25. Bxa5 bxa5 26. Rbc1 Rfc8 27. g3 h6 28. g4 Nh4 29. Nxh4 Bxh4 30. Nd6 Rxc1 31. Rxc1 Be7 32. Rc8+ Rxc8 33. Nxc8 Bb4 34. Kf1 Bc3 35. Ne7+ Kf8 36. Nc6 Ke8 37. Ke2 Kd7 38. Kd3 Be1 39. Ke2 Bc3 40. Kd3 Be1 41. Ke2 1/2-1/2

[Event "Paranaense-ch (Women) 2015"]
[Site "Curitiba"]
[Date "2016.01.23"]
[Round "1.3"]
[White "De Carvalho, Thais Ferreira Mont"]
[Black "Da Silva, Kelley Santos"]
[Result "0-1"]
[WhiteElo "1348"]
[BlackElo "1806"]
[PlyCount "130"]
[EventDate "2016.01.23"]
[EventType "swiss"]
[EventRounds "6"]
[EventCountry "BRA"]
[SourceTitle "EXT 2022"]
[Source "ChessBase"]
[SourceDate "2021.10.06"]
[SourceVersion "1"]
[SourceVersionDate "2021.10.06"]
[SourceQuality "1"]

1. Nf3 d5 2. g3 Nf6 3. Bg2 Bg4 4. 0-0 e6 5. d3 Be7 6. c4 c6 7. h3 Bh5 8. b3 0-0 9. Bb2 Bxf3 10. Bxf3 d4 11. Nd2 e5 12. Bg2 Qc7 13. Rc1 c5 14. Ne4 Nc6 15. Qc2 Nb4 16. Qb1 a5 17. Ba3 Rab8 18. Bxb4 axb4 19. Qb2 Ra8 20. Ra1 Nxe4 21. Bxe4 Ra3 22. Rfc1 Bg5 23. Rc2 f5 24. Bd5+ Kh8 25. Rf1 f4 26. Kg2 fxg3 27. fxg3 Rxf1 28. Kxf1 Qc8 29. Kg2 Ra6 30. Qb1 Rf6 31. Bf3 Be3 32. Rb2 h5 33. h4 Qg8 34. Qh1 g5 35. hxg5 Qxg5 36. Qxh5+ Qxh5 37. Bxh5 Rf2+ 38. Kh3 Rf6 39. Bf3 b6 40. Kg2 Rf7 41. Rb1 Ra7 42. Rb2 Bc1 43. Rc2 Be3 44. Rb2 Kg7 45. Kh3 Kf6 46. Kh4 Bf2 47. Kh3 Rg7 48. g4 Ra7 49. Kg2 Be3 50. Be4 Kg5 51. Bf3 Kf4 52. Kh3 Bf2 53. Kg2 Bg3 54. Kf1 Rh7 55. Kg2 Rh2+ 56. Kg1 Rf2 57. Bg2 Kxg4 58. Rb1 Rxe2 59. Rf1 Rxa2 60. Rf6 Ra1+ 61. Rf1 Rxf1+ 62. Bxf1 Kf3 63. Kh1 Ke3 64. Kg2 Bf4 65. Kg1 Kd2 0-1

[Event "Florianopolis op 2nd"]
[Site "Florianopolis"]
[Date "2016.01.17"]
[Round "3"]
[White "Dall Orsoletta, Alaize"]
[Black "De Carvalho, Thais Ferreira Mont"]
[Result "1-0"]
[WhiteElo "1964"]
[BlackElo "1348"]
[PlyCount "112"]
[EventDate "2016.01.16"]
[EventType "swiss"]
[EventRounds "10"]
[EventCountry "BRA"]
[SourceTitle "CBM 170 Extra"]
[Source "ChessBase"]
[SourceDate "2016.02.25"]
[SourceVersion "1"]
[SourceVersionDate "2016.02.25"]
[SourceQuality "1"]

1. e4 e6 2. d4 d5 3. exd5 exd5 4. c4 Nf6 5. Nc3 c6 6. h3 Be7 7. Nf3 0-0 8. Be2 Be6 9. cxd5 Nxd5 10. 0-0 Nd7 11. Bd3 h6 12. Re1 N7f6 13. Ne5 Qc7 14. Qf3 Rad8 15. Qg3 Nh5 16. Qf3 Nhf6 17. Qg3 Nh5 18. Qf3 Nhf6 19. Bb1 Rfe8 20. a3 Bf8 21. Nxd5 Bxd5 22. Qg3 Nh5 23. Qh4 g6 24. Be3 Qe7 25. Qg4 Be6 26. Qe2 Bg7 27. b4 Qf8 28. Bc2 Qe7 29. Rad1 Nf6 30. Qd2 Kh7 31. g4 Ng8 32. f4 Bxe5 33. fxe5 Qf8 34. Qf2 Qg7 35. Qh4 Rd7 36. Rf1 Ree7 37. g5 Re8 38. Rf2 Rf8 39. Rdf1 Rc7 40. Rf6 Re8 41. R6f2 Rf8 42. Rg2 Rd7 43. Kh2 Bd5 44. Rgf2 Be6 45. Rg1 Rc7 46. Bd3 Rd7 47. Bb1 Rc7 48. Rf6 Re8 49. gxh6 Nxh6 50. Qh5 Rg8 51. Bd3 Rd7 52. Bb1 Rc7 53. Bc2 Rd7 54. Be4 Rc7 55. Bb1 Rd7 56. Rgf1 Rc7 1-0

[Event "Florianopolis op 2nd"]
[Site "Florianopolis"]
[Date "2016.01.16"]
[Round "1"]
[White "Takeda, Lucas Koji"]
[Black "De Carvalho, Thais Ferreira Mont"]
[Result "1-0"]
[WhiteElo "1967"]
[BlackElo "1348"]
[PlyCount "65"]
[EventDate "2016.01.16"]
[EventType "swiss"]
[EventRounds "10"]
[EventCountry "BRA"]
[SourceTitle "CBM 170 Extra"]
[Source "ChessBase"]
[SourceDate "2016.02.25"]
[SourceVersion "1"]
[SourceVersionDate "2016.02.25"]
[SourceQuality "1"]

1. d4 e6 2. c4 d5 3. Nc3 Nf6 4. Bg5 Be7 5. cxd5 Nxd5 6. Bxe7 Qxe7 7. e4 Nf6 8. Nf3 0-0 9. Bd3 Nbd7 10. e5 Nd5 11. Nxd5 exd5 12. Qc2 h6 13. Qxc7 Re8 14. 0-0 Nf8 15. Qxe7 Rxe7 16. Nh4 g6 17. f4 Bd7 18. f5 g5 19. Nf3 Rc8 20. e6 fxe6 21. f6 Ree8 22. Nxg5 Red8 23. Nf3 Be8 24. Ne5 Bf7 25. Rf3 Nd7 26. Rg3+ Kf8 27. Ng6+ Ke8 28. Rf1 Rc7 29. Nh8 Nf8 30. Be2 a6 31. Nxf7 Kxf7 32. Bh5+ Ng6 33. Rxg6 1-0

[Event "Pan American Amateur-ch"]
[Site "Curitiba"]
[Date "2015.12.19"]
[Round "6"]
[White "De Carvalho, Thais Ferreira Mont"]
[Black "Yoshioka, Hugo"]
[Result "0-1"]
[WhiteElo "1380"]
[BlackElo "1736"]
[PlyCount "112"]
[EventDate "2015.12.16"]
[EventType "swiss"]
[EventRounds "9"]
[EventCountry "BRA"]
[SourceTitle "CBM 170 Extra"]
[Source "ChessBase"]
[SourceDate "2016.02.25"]
[SourceVersion "1"]
[SourceVersionDate "2016.02.25"]
[SourceQuality "1"]

1. d4 d5 2. c4 Bf5 3. Nf3 e6 4. g3 c6 5. Bg2 Nf6 6. 0-0 Be7 7. b3 0-0 8. Nc3 Nbd7 9. Bb2 Ne4 10. Nd2 Nxc3 11. Bxc3 Nf6 12. Re1 Re8 13. e4 Bg6 14. e5 Nd7 15. Rc1 Nf8 16. Bb2 h6 17. Qe2 Bf5 18. Qf1 Bb4 19. Red1 Qa5 20. Qe2 Qxa2 21. Bc3 Bxc3 22. Rxc3 Qa5 23. Rcc1 Qb6 24. c5 Qb4 25. Qe3 a5 26. Qc3 Qxc3 27. Rxc3 Ra7 28. Ra1 Rea8 29. Bf3 Nh7 30. h4 Nf8 31. Bd1 Ng6 32. g4 Bxg4 33. Bxg4 Nxh4 34. Bd1 Nf5 35. Nf3 Ra6 36. Ra4 Ne7 37. Nd2 g6 38. Bc2 Kg7 39. Rf3 b5 40. cxb6 Rxb6 41. b4 Rxb4 42. Rxb4 axb4 43. Rb3 Ra2 44. Bb1 Rxd2 45. Rxb4 Nf5 46. Bxf5 gxf5 47. Kg2 Kg6 48. Kg3 Rc2 49. Rb3 c5 50. dxc5 Rxc5 51. Rd3 Rc4 52. f3 Kg5 53. Rd2 f4+ 54. Kh3 Rc3 55. Rg2+ Kf5 56. Rf2 Kxe5 0-1

[Event "Matinhos Caioba-ch"]
[Site "Matinhos"]
[Date "2015.08.29"]
[Round "4"]
[White "De Carvalho, Thais Ferreira Mont"]
[Black "Theiss, Nicolas Eduardo"]
[Result "0-1"]
[WhiteElo "1417"]
[BlackElo "1657"]
[PlyCount "62"]
[EventDate "2015.08.28"]
[EventType "swiss"]
[EventRounds "6"]
[EventCountry "BRA"]
[SourceTitle "EXT 2016"]
[Source "ChessBase"]
[SourceDate "2015.10.08"]
[SourceVersion "1"]
[SourceVersionDate "2015.10.08"]
[SourceQuality "1"]

1. Nf3 Nf6 2. d4 d5 3. e3 e6 4. c4 Be7 5. Nc3 c6 6. c5 0-0 7. Bd3 Nbd7 8. a3 a5 9. 0-0 b6 10. cxb6 Qxb6 11. Qc2 c5 12. Na4 Qc7 13. b4 c4 14. Be2 axb4 15. axb4 Bxb4 16. Rb1 Qa5 17. Bd1 Ba6 18. Kh1 Bb5 19. Ra1 Qc7 20. Rg1 Ne4 21. g3 Nb6 22. Qb2 Bxa4 23. Qxb4 Bxd1 24. Rxa8 Rxa8 25. Kg2 Bxf3+ 26. Kxf3 h6 27. Ba3 c3 28. Rc1 Nc4 29. Rxc3 Nxc3 30. Qxc3 Ne5+ 31. dxe5 Qxc3 0-1